Carregando...

Theranhedutha kathakal (Vettoor Raman Nair)

Detalhes bibliográficos
Autor principal: Raman Nair, Vettoor; Author
Formato: Printed Book
Publicado em: Kottayam, SPCS 1966
coleção:1
Assuntos:
LEADER 005090000a22001570004500
040 |a MAL 
082 |a A301 RAM2/T K6.1 
100 |a Raman Nair, Vettoor; Author 
245 |a Theranhedutha kathakal (Vettoor Raman Nair) 
260 |a Kottayam, SPCS 
260 |c 1966 
490 |a 1 
500 |a Vettoor Raman Nair 
650 |a Short stories, Malayalam 
999 |c 23171  |d 23171 
952 |0 0  |1 0  |4 0  |6 A_301_RAM2T_K6_100000000000000  |7 0  |8 MAL  |9 22993  |a MGUL  |b MGUL  |d 2013-07-16  |l 0  |o A301 RAM2/T K6.1  |p 15296  |r 2013-07-16  |w 2013-07-16  |y BK